| 000 | 01417nam a2200349 i 4500 | ||
|---|---|---|---|
| 003 | EG-ScBUE | ||
| 005 | 20240117141030.0 | ||
| 008 | 190411s2019 ua f b 000 0 ara d | ||
| 017 | _a2018 / 23287 | ||
| 040 |
_aEG-ScBUE _bara _erda _cEG-ScBUE _dEG-ScBUE |
||
| 043 | _af-ua--- | ||
| 082 | 0 | 4 |
_a962.04 _bش ب ي _222 |
| 100 | 1 |
_aشبيكة، مكي الطيب، _eمؤلف. |
|
| 245 | 1 | 0 |
_aبريطانيا وثورة سنة 1919 المصرية / _cدكتور مكي الطيب شبيكة. |
| 264 | 1 |
_aالقاهرة : _bالهيئة العامة لقصور الثقافة، _c2019. |
|
| 300 |
_a130 صفحة ؛ _c24 سم. |
||
| 336 |
_2rdacontent _aنص _btxt |
||
| 337 |
_aبدون وسيط _2rdamedia _bn |
||
| 338 |
_aمجلد _bnc _2rdacarrier |
||
| 490 | 0 |
_aذاكرة الكتابة ؛ _v209 |
|
| 504 | _aيشتمل على إرجاعات ببليوجرافية. | ||
| 600 | 1 | 7 |
_aزغلول، سعد، _d1857-1927. _2BUEsh |
| 650 | _2BUEsh | ||
| 651 | 7 |
_aمصر _xتاريخ _yثورة، 1919 م. _2BUEsh |
|
| 651 | 7 |
_aمصر _xأحوال سياسية _yثورة، 1919 م. _2BUEsh |
|
| 651 | 7 |
_aمصر _xتاريخ _yالاحتلال البريطاني (1882-1956 م) _2BUEsh |
|
| 651 | 7 |
_aمصر _xعلاقات سياسية _zبريطانيا. _2BUEsh |
|
| 651 | 7 |
_aبريطانيا _xعلاقات سياسية _zمصر _2BUEsh |
|
| 653 |
_bBUSBOL _bGGEN _cApril2019 |
||
| 655 | _vReading book | ||
| 942 | _2ddc | ||
| 999 |
_c27373 _d27344 |
||